000 00489nam a22001817a 4500
005 20251108170735.0
008 250721s1996 xx 000 0 eng d
082 1 4 _a620.112/KHU
100 1 _aKhurmi, R . S
245 1 0 _aApplied Mechanics and Strength of Materials /
264 1 _aNew Delhi :
_bNirja Construction & Development Co Ltd,
_c1996.
300 _a572p
650 1 7 _aMaterials
650 1 7 _aApplied Mechanics
650 1 7 _aMechanics
942 _2ddc
_cBK
999 _c47863
_d47863